000 00560nam a2200133Ia 4500
005 20260209120149.0
008 260209s9999||||xx |||||||||||||| ||und||
100 _aGarvita Chopra
245 0 _aTowards safer surrogacy : unpacking the effect of current laws, regulations bans in India on surrogate mothers children
260 _aBangaloreBangalore
_bNLSIU, Bangalore
_c2023 - 2024
300 _a34 p. ; 25 cm.
700 _aMs. Meenakshi Ramakumar - SupervisorMs. Meenakshi Ramakumar - Supervisor
856 _uhttps://dans.nls.ac.in/handle/123456789/2100
999 _c217662
_d217662